Normal view
MARC view
Entry Personal Name
001 - CONTROL NUMBER
- control field: 249290
003 - CONTROL NUMBER IDENTIFIER
- control field: OSt
005 - DATE AND TIME OF LATEST TRANSACTION
- control field: 20251216144210.0
008 - FIXED-LENGTH DATA ELEMENTS
- fixed length control field: 251216|| aca||aabn | a|a d
040 ## - CATALOGING SOURCE
- Original cataloging agency: OSt
- Transcribing agency: OSt
100 ## - HEADING--PERSONAL NAME
- Personal name: Muelver, Jerry
670 ## - SOURCE DATA FOUND
- Source citation: Work cat.: (OSt)183262: Leinecker, Richard C. 249284, Visual j++ bible /, 1997.